Central Library OPAC University of Rajshahi

Toxic aliphatic fluorine compounds / (Record no. 10317)

MARC details
000 -LEADER
fixed length control field 00944nam a2200277 a 4500
001 - CONTROL NUMBER
control field 10317
003 - CONTROL NUMBER IDENTIFIER
rucl marc code BD-RjUL
005 - DATE AND TIME OF LATEST TRANSACTION
control field 20211208234932.0
008 - FIXED-LENGTH DATA ELEMENTS--GENERAL INFORMATION
fixed length control field 170504s1959 ne a b 001 0 eng d
035 ## - SYSTEM CONTROL NUMBER
System control number (BD-RjUL)10365
System control number (OCoLC)3641628
040 ## - CATALOGING SOURCE
Original cataloging agency DLC
Transcribing agency TxCM
Modifying agency Uk
-- DLC
-- BD-RjUL
Language of cataloging eng
041 ## - LANGUAGE CODE
Language code of text/sound track or separate title eng
082 00 - DEWEY DECIMAL CLASSIFICATION NUMBER
Classification number 553.95
Edition number 23
Author mark and year PAT 1959
100 1# - MAIN ENTRY--PERSONAL NAME
Personal name Pattison, Frederick Lewis Maitland,
Dates associated with a name 1923-
9 (RLIN) 31874
245 10 - TITLE STATEMENT
Title Toxic aliphatic fluorine compounds /
Statement of responsibility, etc. F L M Pattison; With a foreword by Rudolph A. Peters.
260 ## - PUBLICATION, DISTRIBUTION, ETC. (IMPRINT)
Place of publication, distribution, etc. Amsterdam ;
-- New York :
Name of publisher, distributor, etc. Elsevier,
Date of publication, distribution, etc. c1959.
300 ## - PHYSICAL DESCRIPTION
Pagination xi, 227 p. :
Illustrations ill. ;
Size 20 cm.
490 0# - SERIES STATEMENT
Series statement Elsevier monographs. Industrial toxic agents,
Volume/sequential designation 1
504 ## - BIBLIOGRAPHY, ETC. NOTE
Bibliography, etc Includes bibliographies.
650 #0 - SUBJECT ADDED ENTRY--TOPICAL TERM
Topical term or geographic name as entry element Fluorine
General subdivision Toxicology.
9 (RLIN) 31875
700 ## - ADDED ENTRY--PERSONAL NAME
Personal name Peters, Rudolph A.
830 ## - SERIES ADDED ENTRY--UNIFORM TITLE
Uniform title Elsevier monographs. Industrial toxic agents,
Volume number/sequential designation 1
942 ## - ADDED ENTRY ELEMENTS (KOHA)
Source of classification or shelving scheme Dewey Decimal Classification
Koha item type Books
Holdings
Lost status Source of classification or shelving scheme Damaged status Not for loan Permanent Location Current Location Shelving location Date acquired Source of acquisition Cost, normal purchase price Total Checkouts Full call number Date last seen Copy number Koha item type Collection code
  Dewey Decimal Classification     Central Library, University of Rajshahi Central Library, University of Rajshahi   04/09/1968 Book Centre. 30.00   553.95 PAT 1959 23/01/2014 C-2 Books  
  Dewey Decimal Classification   Not For Loan Central Library, University of Rajshahi Central Library, University of Rajshahi Reading Room 04/09/1968 Book centre 30.00   553.95 PAT 1959 25/01/2014 C-1 Books Non-fiction
  Dewey Decimal Classification     Central Library, University of Rajshahi Central Library, University of Rajshahi   04/09/1968 Book Centre 30.00   553.95 PAT 1959 16/04/2017 C-3 Books Non-fiction